ბათუმის შოთა რუსთაველის სახელმწიფო უნივერსიტეტის ბიბლიოთეკა

ორგანული ქიმიის საფუძვლები : (ბიბ.ჩანაწერი № 36165)

000 -ლიდერი
ფიქსირებული სიგრძის საკონტროლო ველი 01158nam a2200241Ia 4500
001 - საკონტროლო ნომერი
საკონტროლო ველი 2067
003 - საკონტროლო ნომრის იდენტიფიკატორი
საკონტროლო ველი GE_BSU
005 - ბოლო ოპერაციის თარიღი და დრო
საკონტროლო ველი 20190513211717.0
008 - ფიქსირებული სიგრძის მონაცემთა ელემენტები - ზოგადი ინფორმაცია
ფიქსირებული სიგრძის საკონტროლო ველი 181216s2000||||ge |||||||||||||| ||geo||
020 ## - წიგნის საერთაშორისო სტანდარტული ნომერი
International Standard Book Number 9992877634
040 ## - კატალოგიზაციის წყარო
Transcribing agency GE_BSU
041 ## - ენის კოდი
Language code of text/sound track or separate title geo
080 ## - უნივერსალური ათობითი კლასიფიკაციის ინდექსი
Universal Decimal Classification number 547(075.8)
100 ## - მთავარი ჩანაწერი - პიროვნების სახელი
Personal name სამსონია, შ.
9 (RLIN) 1091
245 ## - ცნობა სათაურის შესახებ
Title ორგანული ქიმიის საფუძვლები :
Remainder of title სახელმძღვანელო /
Statement of responsibility, etc შ. სამსონია, ს. ადამია, მ. გვერდწითელი ; რედ. ნ. ალექსიძე ; დ. უგრეხელიძე.
264 ## - წარმოების, გამოცემის, დისტრიბუციის და სხვა ცნობები
გამოცემის, წარმოების, დისტრიბუციის... ადგილი თბილისი :
გამოცემის, წარმოების, დისტრიბუციის... სახელწოდება თბილისის უნივერსიტეტის გამომცემლობა,
გამოცემის, წარმოების, დისტრიბუციის... თარიღი 2000.
300 ## - ფიზიკური აღწერა
Extent 450 გვ. ;
Other physical details 19 სმ.
653 ## - INDEX TERM--UNCONTROLLED
Uncontrolled term ორგანული ქიმია
700 ## - ADDED ENTRY--PERSONAL NAME
Personal name ადამია, სერგო
Relator term ავტორი
9 (RLIN) 1092
700 ## - ADDED ENTRY--PERSONAL NAME
Personal name გვერდწითელი, მ.
Relator term ავტორი
9 (RLIN) 1093
700 ## - ADDED ENTRY--PERSONAL NAME
Personal name ალექსიძე, ნ.
Relator term რედაქტორი
9 (RLIN) 1094
942 ## - ADDED ENTRY ELEMENTS (KOHA)
Koha item type წიგნი
Source of classification or shelving scheme
ეგზემპლარები
ჩამოწერის სტატუსი დაკარგული ეგზემპლარის სტატუსი კლასიფიკაციის წყარო ან თაროზე გაწყობის სქემა დაზიანების სტატუსი არ გაიცემა მუდმივი მდებარეობა (დაცვის ადგილი) ამჟამინდელი ადგილსამყოფელი თაროზე განთავსების ადგილი შეძენის თარიღი ღირებულება, შესყიდვის ნორმალური ფასი სრული შენახვის შიფრი შტრიხკოდი ბოლო ოპერაციის თარიღი ეგზემპლარის მიმდევრობითი ნომერი (კეტერი?) ფასის ძალაში შესვლის თარიღი ეგზემპლარის სახეობა საჯარო შენიშვნა
          ბათუმის შოთა რუსთაველის სახელმწიფო უნივერსიტეტის მთავარი ბიბლიოთეკა ბათუმის შოთა რუსთაველის სახელმწიფო უნივერსიტეტის მთავარი ბიბლიოთეკა წიგნსაცავი 2018-12-17 18.00 547(075.8) ს–24 4203 2018-12-17 4203 2018-12-17 წიგნი 18 ლ.